| 000 | 00881 a2200181 4500 | ||
|---|---|---|---|
| 020 | _a0875847196 (hardcover) | ||
| 020 | _a9780875847191 (hardcover) | ||
| 082 | 0 | 4 | _a658.3 |
| 090 |
_c4565 _d4565 |
||
| 100 | 1 | _aUlrich, David. | |
| 245 | 1 | 0 |
_aHuman resource champions / _cDavid Ulrich. |
| 250 | _a1st ed. | ||
| 260 |
_a[S.l.] : _bHarvard Business Press, _c1996. |
||
| 300 |
_a281 p. ; _c24 cm. |
||
| 520 | _aThe management of human resources, says the author, holds the key to an organization's future success. HR people serve as strategic players, administrative experts, employee champions and change agents. Full of illustrations and examples from dozens of companies, this book show how HR professionals can operate in all four areas simultaneously. | ||
| 856 | 4 | 0 |
_3Amazon.com _uhttp://www.amazon.com/exec/obidos/ASIN/0875847196/chopaconline-20 |
| 942 |
_aNBS _cBK _k658.3 ULR |
||
| 999 |
_c347007 _d347007 |
||